banner-ar

Water Resources Management / (Record no. 23744)

MARC details
000 -الفاتح
حقل البيانات ثابتة الطول 00477nam a2200157Ia 4500
008 - عناصر البيانات ثابتة الطول - معلومات عامة
حقل البيانات ثابتة الطول 140319s9999 xx 000 0 eng d
040 ## - مصدر الفهرسة
وكالة الفهرسة الأصلية GCL /
وكالة النسخ GCL
082 04 - رقم تصنيف ديوى العشرى
رقم التصنيف 333.91001726
رقم المادة J W
100 1# - المدخل الرئيسى - إسم شخصى
الإسم الشخصى INTERNATIONAL BANK FOR RECONSTAUCTION AN
245 10 - بيان العنوان
العنوان Water Resources Management /
بيان المسئوليه,etc INTERNATIONAL BANK FOR RECONSTAUCTION AN
650 04 - المدخل الاضافى بالموضوع-مصطلح موضوعى
مصطلح موضوعي WATER RESOURCES DEVELOPMENT
650 04 - المدخل الاضافى بالموضوع-مصطلح موضوعى
مصطلح موضوعي DEVELOPING COUNTRIES
942 ## - عناصر المدخل الإضافي( كوها)
مصدر التصنيف او مخطط الترفيف Dewey Decimal Classification
Koha [default] item type كتاب
260 ## - PUBLICATION, DISTRIBUTION, ETC. (IMPRINT)
-- [S.N] :
-- THE WORLD BANK
Holdings
حالة التراجع حالة الفقد حالة تلف ليس للاعارة المكان المؤقت الموقع الحالى تاريخ الاكتساب اجمالي اﻻعارات رقم الطلب الباركود تاريخ اخر مشاهدة تاريخ تفعيل السعر نوع وعاء كوها
        مكتبة القاهرة الكبرى مكتبة القاهرة الكبرى 03/26/2014   333.91001726\J W 42331 03/26/2014 03/26/2014 كتاب

Powered By

EGPV